000 00382ntaaa2200169 4500
003 01
005 20251027202757.0
008 0714s1973 ag 01
040 _aAR-BaBN
_bspa
_cAR-BaBN
_eaacr
_dRIC
082 _a810.7000 C
245 _aThe graphic reader
250 _a1 ed.
260 _aLondon :
_bCollins,
_cs.f.
300 _a3 tomos
650 _alengua inglesa
942 _cBK
999 _c23073
_d23073